Chủ đề mùa xuân trong các ca khúc Việt Nam từ sau năm 1975 /

Đã lưu trong:
書目詳細資料
主要作者: Nguyễn Thị Tố Mai.
格式: Bài viết
語言:Vietnamese
主題:
標簽: 添加標簽
沒有標簽, 成為第一個標記此記錄!
Thư viện lưu trữ: Thư viện Trường Đại học Đà Lạt
LEADER 00799nam a2200253 4500
001 DLU180183149
005 ##20180117
040 # # |a DLU  |b vie 
041 # # |a vie 
044 # # |a vn 
100 # # |a Nguyễn Thị Tố Mai. 
245 # # |a Chủ đề mùa xuân trong các ca khúc Việt Nam từ sau năm 1975 /  |c Nguyễn Thị Tố Mai. 
653 # # |a Đề tài mùa xuân 
653 # # |a Ca khúc sau giải phóng 
653 # # |a Mùa xuân 
773 # # |t Tạp chí Lý luận, phê bình văn học, nghệ thuật  |g Số 18, 2014, tr. 55-58 
920 # # |a Phòng Tạp chí --Trung tâm Thông tin - Thư viện Trường Đại học Đà Lạt 
900 # # |a True 
911 # # |a Lê Thị Hồng 
925 # # |a G 
926 # # |a A 
927 # # |a BB 
980 # # |a Thư viện Trường Đại học Đà Lạt